000 00470pab a2200157 454500
008 180718b2016 xxu||||| |||| 00| 0 eng d
100 _aBhowmik, Sharit K.
245 _aPolitical economy of urban public space: a study of the working poor in Mumbai
260 _c2016
300 _ap.371-381.
362 _aJul-Dec
650 _aWorking conditions
650 _aUrban spaces
773 _aIASSI Quarterly: Contributions to Indian Social Science
909 _a115698
999 _c115692
_d115692